Tự học Final after effect & tittleexperes

保存先:
書誌詳細
フォーマット: 図書
言語:Undetermined
タグ: タグ追加
タグなし, このレコードへの初めてのタグを付けませんか!
Thư viện lưu trữ: Trung tâm Học liệu Trường Đại học Cần Thơ
LEADER 00344nam a2200121Ia 4500
001 CTU_88492
008 210402s9999 xx 000 0 und d
020 |c 10000 
082 |a 006.68 
082 |b T550 
245 0 |a Tự học Final after effect & tittleexperes 
904 |i M. Loan,Hải 
980 |a Trung tâm Học liệu Trường Đại học Cần Thơ